000 00463nam a22001217a 4500
999 _c18810
_d18810
008 210219b xxu||||| |||| 00| 0 eng d
050 _aGMB0102
_b.M88 2015 c.1
100 _aMutange, Lyne Mercy Vutagwa
245 _aFinancial risk management practices in Mitigating fragility of small and medium enterprises in Nakuru county
_cLyne Mercy Vutagwa Mutange
260 _aKabarak, Nakuru, Kenya
_bKabarak University
_c2015
300 _a67 leaves
942 _2lcc
_cTHE